000 00374pab a2200157 454500
008 180718b2014 xxu||||| |||| 00| 0 eng d
100 _aTripathy, K.K.
245 _aReview of rural infrastructure under bharat nirman
260 _c2014
300 _ap.3-6.
362 _aMar
650 _aRural development
773 _aKurukshetra
908 _aN
909 _a103684
999 _c103680
_d103680